Changing days : (Record no. 355265)
[ view plain ]
| 000 -LEADER | |
|---|---|
| fixed length control field | 00497nam a2200193Ia 4500 |
| 008 - FIXED-LENGTH DATA ELEMENTS--GENERAL INFORMATION | |
| fixed length control field | 180207s9999 xx 000 0 und d |
| 020 ## - INTERNATIONAL STANDARD BOOK NUMBER | |
| International Standard Book Number | 1556249640 |
| 050 ## - LIBRARY OF CONGRESS CALL NUMBER | |
| Item number | E298 1988 |
| 100 ## - MAIN ENTRY--PERSONAL NAME | |
| Personal name | Eggleton, Jill |
| 245 ## - TITLE STATEMENT | |
| Title | Changing days : |
| 245 ## - TITLE STATEMENT | |
| Remainder of title | rhymes to read / |
| 245 ## - TITLE STATEMENT | |
| Statement of responsibility, etc | Jill Eggleton ; illustrations by Philip Webb. |
| 260 ## - PUBLICATION, DISTRIBUTION, ETC. (IMPRINT) | |
| Place of publication, distribution, etc | Washington : |
| 260 ## - PUBLICATION, DISTRIBUTION, ETC. (IMPRINT) | |
| Name of publisher, distributor, etc | Wright Group, |
| 260 ## - PUBLICATION, DISTRIBUTION, ETC. (IMPRINT) | |
| Date of publication, distribution, etc | 1988 |
| 300 ## - PHYSICAL DESCRIPTION | |
| Extent | 24 pages : |
| 300 ## - PHYSICAL DESCRIPTION | |
| Other physical details | color illustration ; |
| 440 ## - SERIES STATEMENT/ADDED ENTRY--TITLE | |
| Title | Sunshine books. |
| Withdrawn status | Lost status | Damaged status | Home library | Current library | Date acquired | Total Checkouts | Full call number | Barcode | Date last seen | Price effective from | Koha item type |
|---|---|---|---|---|---|---|---|---|---|---|---|
| Stonyhurst Southville International School (Malarayat) | Stonyhurst Southville International School (Malarayat) | 02/07/2018 | ER E298 1988 | SSISM4810 | 02/07/2018 | 02/07/2018 | Books |